Aspekte der Friedensforschung und Entscheidungsprobleme in der Sozialpolitik.

Bibliographic Details
Main Author: Sanmann, Horst.
Format: eBook
Language:German
Published: Berlin : Duncker & Humblot, 1971.
Edition:1st ed.
Series:Schriften des Vereins Für Socialpolitik Series
Subjects:
Online Access:Click to View
LEADER 04037nam a22003973i 4500
001 EBC7100893
003 MiAaPQ
005 20240729202203.0
006 m o d |
007 cr cnu||||||||
008 240729s1971 xx o ||||0 ger d
020 |a 9783428425495  |q (electronic bk.) 
020 |z 9783428025497 
035 |a (MiAaPQ)EBC7100893 
035 |a (Au-PeEL)EBL7100893 
035 |a (OCoLC)1347024258 
040 |a MiAaPQ  |b eng  |e rda  |e pn  |c MiAaPQ  |d MiAaPQ 
100 1 |a Sanmann, Horst. 
245 1 0 |a Aspekte der Friedensforschung und Entscheidungsprobleme in der Sozialpolitik. 
250 |a 1st ed. 
264 1 |a Berlin :  |b Duncker & Humblot,  |c 1971. 
264 4 |c ©1971. 
300 |a 1 online resource (110 pages) 
336 |a text  |b txt  |2 rdacontent 
337 |a computer  |b c  |2 rdamedia 
338 |a online resource  |b cr  |2 rdacarrier 
490 1 |a Schriften des Vereins Für Socialpolitik Series 
505 0 |a Intro -- Vorwort -- Inhaltsverzeichnis -- Bruno S. Frey, Konstanz und Basel: Der Beitrag der Ökonomik zur Friedensforschung -- I. Einleitung -- II. Friede, Krieg, Gewalt und Konflikt -- III. Der Beitrag der Ökonomik als Sachgebiet -- A. Abrüstung -- B. Wirtschaftliche Kriegsgründe -- C. Wirtschaft als politisches Instrument -- D. Determinanten der Rüstungsausgaben -- IV. Der Beitrag der Ökonomik als Denkmethode -- A. Der Beitrag einiger Theoriezweige -- 1. Marktformen-, insbesondere die Oligopoltheorie -- 2. Lohn- und Verteilungstheorie -- 3. Bemerkungen zur Konfliktstheorie -- 4. Theorie der öffentlichen Güter und Externalitäten -- 5. Ökonomische Theorie der Politik -- B. Der Beitrag der abstrakten Analysewerkzeuge -- 1. Modelle der Gesellschaft -- 2. Quantitative Untersuchungen -- C. Der tatsächliche Beitrag der Ökonomen -- V. Sozialpolitik und Friedensforschung -- Jürgen Zerche, Berlin: Aspekte der Entscheidungstheorie und Anwendungsbeispiele in der Sozialpolitik -- I. Einleitung -- II. Die Konstituenten des allgemeinen ökonomischen Entscheidungsmodells -- A. Entscheidung unter Sicherheit -- B. Entscheidung unter Risiko -- C. Entscheidung unter Ungewißheit: Allgemeines -- D. Entscheidung unter Ungewißheit: Spieltheorie -- 1. Charakteristika der Spiele der Strategie -- 2. Klassifikation der Spiele -- 3. n-Personenspiele -- 4. Der Shapley-Wert -- III. Anwendungsbeispiele in der Sozialpolitik -- A. Die Machtverteilung in einem Gremium -- B. Anwendung der Spieltheorie bei Tarifverhandlungen -- C. Anwendung in der betrieblichen Sozialpolitik -- IV. Zusammenfassung und Ausblick -- Elisabeth Liefmann-Keil, Saarbrücken: Sozialpolitische Entscheidungen, Wahl- und Legislaturperioden. Ein Beitrag zur Wähler- und Repräsentantenstrategie -- I. Einleitung -- II. Die spezielle Fragestellung -- III. Das Modell -- IV. Die Präferenzstruktur -- V. Die Aufgaben. 
505 8 |a VI. Die Strategie -- VII. Folgerungen -- VIII. Ergebnis -- Bernhard Külp, Bochum: Der Einfluß der Schlichtung auf den Entscheidungsprozeß der Tarifvertragsparteien -- I. Zur Problemstellung -- II. Das Schlichtungsdilemma -- III. Lösung des Tarifkonfliktes ohne Schlichtung -- IV. Schlichtungserfolg durch Beeinflussung des Kommunikationsprozesses -- V. Die Rolle des Sozialprestiges bei der Schlichtung -- VI. Schlichtungserfolg durch Veränderung der realen Position der Tarifpartner?. 
588 |a Description based on publisher supplied metadata and other sources. 
590 |a Electronic reproduction. Ann Arbor, Michigan : ProQuest Ebook Central, 2024. Available via World Wide Web. Access may be limited to ProQuest Ebook Central affiliated libraries.  
655 4 |a Electronic books. 
776 0 8 |i Print version:  |a Sanmann, Horst  |t Aspekte der Friedensforschung und Entscheidungsprobleme in der Sozialpolitik  |d Berlin : Duncker & Humblot,c1971  |z 9783428025497 
797 2 |a ProQuest (Firm) 
830 0 |a Schriften des Vereins Für Socialpolitik Series 
856 4 0 |u https://ebookcentral.proquest.com/lib/matrademy/detail.action?docID=7100893  |z Click to View